000 01590cam a2200385 a 4500
999 _c2132
_d2132
001 15484235
003 OSt
005 20181005120823.0
008 081015s2000 ii b 100 0 eng
010 _a 2008335937
020 _a8172145845
025 _aI-E-2008-335937; 13-90
037 _bLibrary of Congress -- New Delhi Overseas Office
_cRs120.00
040 _aDLC
_cDLC
_dDLC
042 _alcode
043 _aa-ii---
050 0 0 _aBV3265.2
_b.I58 1999
082 _a266
_bN173Q
111 2 _aInternational Consultation of Mission and Unity
_d(1999 :
_cChennai, India)
245 1 0 _aQuest for justice :
_bperspectives on mission and unity /
_cedited by George Mathew Nalunnakkal and Abraham P. Athyal.
260 _aNew Delhi :
_bPublished by ISPCK for NCCI, Nagpur and Gurukul, Chennai,
_c2000.
300 _axvii, 134 p. ;
_c23 cm.
504 _aIncludes bibliographical references.
520 _aImportance of assessing the scope and meaning of Mission and ecumenism in India; contributed papers presented at the International Consultation of Mission and Unity, Chennai, February 28-March 2, 1999.
650 0 _aMissions
_zIndia
_vCongresses.
650 0 _aEcumenical movement
_zIndia
_vCongresses.
700 0 _aGeevarghese,
_cMor Koorilos,
_d1965-
700 1 _aAthyal, Abraham P.
710 2 _aI.S.P.C.K. (Organization)
710 2 _aNational Council of Churches in India.
710 2 _aGurukul Lutheran Theological College and Research Institute.
906 _a7
_bcbc
_corigode
_d3
_encip
_f20
_gy-gencatlg
942 _2ddc
_cBK